000 01018nam a2200265 i 4500
001 106392
003 ES-MaACL
005 20250910063112.0
007 t|
008 061107s1961 sp ||||1| spa d
080 _a730 González, Julio (083.82)
100 0 _aGonzález, Julio,
_d1876-1942
_958347
245 1 0 _aJulio González
_b: [exposición, Palacio de la Virreina (Barcelona), 27 de abril-27 de mayo de 1960] /
_c[Texto: Alfonso Roig, Roberta González].
260 _aMadrid :
_bEditora Nacional,
_c[1960]
300 _a[82] p. :
_bprincipalmente il. n. ;
_c21 cm.
490 1 _aCuadernos de arte. Colección ordinaria ;
_v60
600 0 4 _aGonzález, Julio,
_d1876-1942-
_vExposiciones
_958348
655 7 _2tgfbne
_9193628
_aCatálogos de exposiciones
700 1 _aRoig, Alfonso.
_998994
700 1 _aGonzález, Roberta.
_958378
830 0 _aCuadernos de arte. Colección ordinaria
_v60
_9180064
852 _aES-MaACL
_j2191-F-23
_bR.138103
942 _2udc
999 _c106392
_d106392